000 01140cam a22002891 4500
001 l 22000186
003 DLC
005 20260227111528.0
008 880208s1922 dcua f000 0 eng c
010 _al 22000186
035 _a(OCoLC)17448792
040 _aU.S. Dept. of labor.
_cNUtC
_dDLC
050 0 0 _aHD6093
_b.A35 no. 21
082 _a331.406173
110 1 _aUnited States.
_bWomen's Bureau.
245 1 0 _aWomen in Rhode Island industries;
_ba study of hours, wages, and working conditions ...
260 _aWashington,
_bGovt. print. off.,
_c1922.
300 _av, 73 p. incl. tables, diagrs.
_bfront.
_c23 cm.
490 0 _aBulletin
_vno. 21
500 _aAt head of title: U.S. Department of labor. James J. Davis, secretary. Women's bureau. Mary Anderson, director.
500 _a"Mrs. Ethel L. Best was in charge of the survey and the report was written by Miss Mary V. Robinson."--Letter of transmittal.
650 0 _aWomen
_xEmployment
_zRhode Island.
650 0 _aHours of labor
_zRhode Island.
650 0 _aWages
_zRhode Island.
700 1 _aBest, Ethel L.
_q(Ethel Lombard)
700 1 _aRobinson, Mary Viola.
999 _c35634
_d35634